00303nam a22001097a 4500020001800000040000700018110000800025245011100033260002700144942000700171999001500178 a9789251059081 cSP aFAO aWild birds and avian influenza : an introduction to applied field research and disease sampling techniques aPhil HarrisbFAOc2007 cEK c8358d8358